| 000 | 00545nam a22001937a 4500 | ||
|---|---|---|---|
| 999 |
_c3064 _d3064 |
||
| 001 | 3454 | ||
| 003 | BD-DhUAP | ||
| 005 | 20200301154015.0 | ||
| 008 | 200301s1999 sz a|||| |||| 00| 0 eng d | ||
| 020 | _a3764359633 | ||
| 040 |
_aBD-DhUAP _bEng _cBD-DhUAP _dBD-DhUAP |
||
| 082 |
_223 _a708 MAC |
||
| 100 | _aMack, Gerhard. | ||
| 245 |
_aArt museums into the 21st century / _cGerhard Mack. |
||
| 260 |
_aBasel : _bBirkhäuser, _cc1999. |
||
| 300 |
_a109 pages : _billustrations ; _c30 cm. |
||
| 650 |
_aArt museums _y21st century. |
||
| 942 |
_2ddc _cBK |
||